000 01441cam a2200337 a 4500
001 4506736
003 OSt
005 20180117085951.0
008 980421s1998 nyua b 001 0 eng
010 _a 98023943
020 _a0471199869 (hardcover : alk. paper)
035 _a(DLC) 98023943
040 _aDLC
_cDLC
_dDLC
050 0 0 _aBF76.5
_b.G64 1998
082 0 0 _a150/.7/2
_221
100 1 _aGoodwin, C. James.
245 1 0 _aResearch in psychology :
_bmethods and design /
_cC. James Goodwin.
250 _a2nd ed.
260 _aNew York :
_bJ. Wiley,
_cc1998.
300 _axxi, 528 p. :
_bill. ;
_c24 cm.
504 _aIncludes bibliographical references (p. [503]-514) and indexes.
650 0 _aPsychology
_xResearch
_vTextbooks.
650 0 _aPsychology
_xResearch
_xMethodology
_vTextbooks.
650 0 _aPsychology, Experimental
_vTextbooks.
856 4 _3Table of Contents
_uhttp://www.loc.gov/catdir/toc/onix05/98023943.html
856 4 2 _3Publisher description
_uhttp://www.loc.gov/catdir/enhancements/fy0706/98023943-d.html
906 _a7
_bcbc
_corignew
_d1
_eocip
_f19
_gy-gencatlg
942 _2ddc
_cBK
999 _c2891
_d2891